Word Ladder: Lone Star Doobies Quiz Stats

 Plays Quiz Updated Jan 30, 2018

Challenge
Share
Tweet
Embed
Score 0/10 Timer 02:00
0 Plays Today
Hint 5-Letter Word % Correct
Halloween partner with 'treat'TRICK
98.9%
Most populous country★CHINA★
98%
'As ___ as thieves'THICK
97.9%
ContemplateTHINK
97.6%
Gap in the armorCHINK
95.8%
Small group of trees★GROVE★
69.7%
Search blindlyGROPE
67.3%
Brief space of timeTRICE
66.2%
Complain and grumbleGRIPE
66.2%
Menudo ingredientTRIPE
62.4%

Today's Daily Dose

Missing Word
TV HA - HZ

Word Ladder
Nordic Capital

On This Day
January 19th II

You're not logged in!

Compare scores with friends on all Sporcle quizzes.
OR
Log In

You Might Also Like...

Show Comments

Extras

Top Quizzes Today


Score Distribution

Your Account Isn't Verified!

In order to create a playlist on Sporcle, you need to verify the email address you used during registration. Go to your Sporcle Settings to finish the process.

Report this User

Report this user for behavior that violates our Community Guidelines.

Details: